| 000 | 00766nam a2200277 a 4500 | ||
|---|---|---|---|
| 001 | 000110632 | ||
| 003 | CHAP | ||
| 005 | 20220329144141.0 | ||
| 008 | 140919s1980 nyua |r| ||||||eng d | ||
| 010 | _a107094 | ||
| 011 | _a108066 | ||
| 020 | _a0471094072 | ||
| 040 | _cCHAP | ||
| 082 | 0 | 4 |
_a547.3087 _bC77y |
| 100 | 1 |
_aCooper, James Williams _9128457 |
|
| 245 | 1 | 0 |
_aSpectroscopic techniques for organic chemists / _cpor James W. Cooper. |
| 260 |
_aNew York : _bWiley, _c1980. |
||
| 300 |
_a376 p. : _bgráfs., tabs. |
||
| 590 |
_aE11695DGD _b10 _c20150406 _lUCH01 _h0951 |
||
| 590 |
_aE5995AHE _b05 _c20140919 _lUCH01 _h1204 |
||
| 650 | 1 | 4 |
_aEspectroscopía. _937802 |
| 650 | 1 | 4 |
_aQuímica orgánica. _993598 |
| 901 | _aBK | ||
| 942 | _cLIBRO | ||
| 942 | _n0 | ||
| 999 |
_c107094 _d107094 |
||